SURVEYS OF ECONOMIC THEORY 3 (Record no. 42306)
[ view plain ]
| 000 -LEADER | |
|---|---|
| fixed length control field | 00265nam a22001217a 4500 |
| 008 - FIXED-LENGTH DATA ELEMENTS--GENERAL INFORMATION | |
| fixed length control field | 180212b xxu||||| |||| 00| 0 eng d |
| 041 ## - LANGUAGE CODE | |
| Language code of text/sound track or separate title | eng |
| 080 ## - UNIVERSAL DECIMAL CLASSIFICATION NUMBER | |
| Universal Decimal Classification number | 33 |
| 100 ## - Rafti | |
| Rafti | 52 |
| 101 ## - Shkurtesa | |
| Shkurtesa | ECO |
| 245 ## - TITLE STATEMENT | |
| Title | SURVEYS OF ECONOMIC THEORY 3 |
| Statement of responsibility, etc | MAC.M |
| 942 ## - ADDED ENTRY ELEMENTS (KOHA) | |
| Source of classification or shelving scheme | |
| Item type | Books |
| Withdrawn status | Lost status | Source of classification or shelving scheme | Damaged status | Not for loan | Collection code | Permanent location | Current location | Shelving location | Date acquired | Total Checkouts | Full call number | Barcode | Date last seen | Price effective from | Koha item type |
|---|---|---|---|---|---|---|---|---|---|---|---|---|---|---|---|
| Koleksioni i përgjithshem | UBT - Lipjan | UBT - Lipjan | Koleksioni i përgjithshem | 02/12/2018 | 33 MAC | 002-2998749 | 02/12/2018 | 02/12/2018 | Books | ||||||
| Koleksioni i përgjithshem | UBT - Lipjan | UBT - Lipjan | Koleksioni i përgjithshem | 02/12/2018 | 33 M AC | 002-2998753 | 02/12/2018 | 02/12/2018 | Books |